000 01170cam a2200277 a 4500
999 _c8103
_d8103
001 15697233
003 GBCCL
005 20241126110643.0
008 090413s2009 miua b 000 0 eng
010 _a 2009015286
020 _a9780825427626 (pbk.)
040 _aDLC
_cDLC
_dDLC
050 0 0 _aBS1225.52
_b.V64 2009
082 0 0 _a222.106
_222
_bVOG
100 1 _aVogt, Peter T.,
_d1968-
_914127
245 1 0 _aInterpreting the Pentateuch :
_ban exegetical handbook /
_cPeter T. Vogt.
260 _aGrand Rapids, MI :
_bKregel Publications,
_cc2009.
300 _a214 p. :
_bill. ;
_c23 cm.
490 0 _aHandbooks for Old Testament exegesis
504 _aIncludes bibliographical references.
505 0 _aThe genres of the Pentateuch -- Major themes of the Pentateuch -- Getting started -- Interpreting the Pentateuch -- Communicating the genres of the Pentateuch -- Putting it all together.
630 0 0 _aBible.
_pPentateuch
_xCriticism, interpretation, etc.
_91599
906 _a7
_bcbc
_corignew
_d1
_eecip
_f20
_gy-gencatlg
942 _2ddc
_cBK
_07